000 00809nam a2200253Ia 4500
003 OSt
005 20220928123945.0
006 a|||||r|||| 00| 0
007 ta
008 220927b |||||||| |||| 00| 0 eng d
020 _c6030.9249
024 _a100101
037 _b390, 06/10/2009, Pioneer Book Distributors
_cTextual
040 _aSDCL
_cSDCL
_beng
041 _2eng
_aeng
082 _aD65264,145, P9
100 _aJimenez Alejandro Duenas
_9462618
245 0 _a2-D electromagnetic simulation of passive microstrip circuits.
260 _aBoca Raton
_b CRC Press
_c2009
300 _axv,274p.
_ccm.
650 _aElectronic Science
942 _hD65264,145, P9
_cTEXL
_2CC
999 _c775586
_d775586